Ideas e ideales del Renacimiento en el Norte de Europa: ensayos reunidos
Spremljeno u:
| Glavni autor: | |
|---|---|
| Format: | Knjiga |
| Jezik: | španjolski |
| Izdano: |
Ciudad de México
Fondo de Cultura Económica
1993
|
| Izdanje: | 1a. ed |
| Serija: | Colección Popular, 493
|
| Teme: | |
| Oznake: |
Dodaj oznaku
Bez oznaka, Budi prvi tko označuje ovaj zapis!
|
MARC
| LEADER | 00000cam a2200000 a 4500 | ||
|---|---|---|---|
| 001 | UCG7332 | ||
| 003 | CL-VaPUC | ||
| 008 | 110727e19930000MX |||||||||||||||||spa|d | ||
| 020 | |a 9681642090 | ||
| 082 | 0 | 4 | |a 940.21 |b YAT |2 21 |
| 100 | 0 | |a Yates, Frances A |e author |9 558030 | |
| 245 | 1 | 0 | |a Ideas e ideales del Renacimiento en el Norte de Europa: ensayos reunidos |
| 250 | |a 1a. ed | ||
| 300 | |a v | ||
| 942 | |c BK | ||
| 945 | |d 20110727 00:00:00 |a dcastane | ||
| 260 | |a Ciudad de México |b Fondo de Cultura Económica |c 1993 | ||
| 650 | 7 | |a HISTORIA DEL RENACIMIENTO |2 CL-VaPUC |9 542014 | |
| 650 | 0 | |a Renacimiento |9 255107 | |
| 650 | 7 | |a FILOSOFIA POLITICA |2 CL-VaPUC |9 558031 | |
| 583 | |a last modification |c 20160913 04:44:33 |k Rodrigo Vera | ||
| 490 | 0 | |a Colección Popular, 493 | |
| 999 | |c 345358 |d 345356 | ||
| 952 | |0 0 |1 0 |4 0 |6 940_210000000000000_YAT_1993 |7 0 |8 A |9 443994 |a BIBHIS |b BIBHIS |d 2019-11-22 |h v.3 |i 4787870 |l 1 |m 3 |o 940.21 YAT 1993 |p 4787870 |r 2025-01-20 |s 2024-03-05 |w 2019-11-22 |y BK |k HIS | ||
| 952 | |0 0 |1 0 |3 erb |4 0 |6 940_210000000000000_YAT_1993 |7 0 |8 A |9 443995 |a BIBART |b BIBART |h v.3 |i 5114799 |o 940.21 YAT 1993 |p 5114799 |r 2023-01-11 |w 2019-11-22 |y BK |z Catalogado en:20140925 |k ART | ||
| 952 | |0 0 |1 0 |3 erb |4 0 |6 940_210000000000000_YAT_1993 |7 0 |8 A |9 443996 |a BIBHIS |b BIBHIS |h v.3 |i 5162742 |o 940.21 YAT 1993 |p 5162742 |r 2025-01-20 |w 2019-11-22 |y BK |z Catalogado en:20150605 |k HIS | ||
| 952 | |0 0 |1 0 |3 erb |4 0 |6 940_210000000000000_YAT_1993 |7 0 |8 A |9 443997 |a BIBART |b BIBART |h v.3 |i 5163072 |o 940.21 YAT 1993 |p 5163072 |r 2023-01-11 |w 2019-11-22 |y BK |z Catalogado en:20150605 |k ART | ||